[Event "SWE Cup"]
[Site "Linkoping"]
[Date "2017.09.08"]
[Round "2.2"]
[White "Andersson, Fredrik1"]
[Black "Ivarsson, Sebastian"]
[Result "1-0"]
[WhiteElo "2286"]
[BlackElo "1673"]
[PlyCount "65"]
[EventDate "2017.09.08"]
[EventType "team-swiss"]
[EventRounds "7"]
[EventCountry "SWE"]
[SourceTitle "CBM 180 Extra"]
[Source "ChessBase"]
[SourceDate "2017.10.06"]
[SourceVersion "1"]
[SourceVersionDate "2017.10.06"]
[SourceQuality "1"]
[WhiteTeam "Kungstornet"]
[BlackTeam "Kristallens"]
[WhiteTeamCountry "SWE"]
[BlackTeamCountry "SWE"]

1. d4 Nf6 2. c4 g6 3. Nc3 Bg7 4. e4 d6 5. Nf3 0-0 6. Be2 e5 7. 0-0 Nc6 8. d5 Ne7 9. b4 Ne8 10. c5 f5 11. Nd2 Nf6 12. f3 f4 13. Nc4 g5 14. Nb5 Ne8 15. Ba3 Ng6 16. Rc1 h5 17. Na5 a6 18. Nc3 Nf6 19. Nc4 g4 20. cxd6 cxd6 21. b5 g3 22. Nxd6 Nxe4 23. Ncxe4 Qh4 24. hxg3 fxg3 25. Nxg3 Qxg3 26. Ne4 Qf4 27. Bxf8 Qe3+ 28. Kh1 Nf4 29. Bxg7 Nxe2 30. Rc2 Nd4 31. Bxe5 Nxc2 32. Qxc2 Bf5 33. Qc7 1-0